000 00832nam a2200253Ia 4500
003 OSt
005 20220923215758.0
006 a|||||r|||| 00| 0
007 ta
008 220922b |||||||| |||| 00| 0 hin d
024 _a181,710
037 _cTextual
040 _aARTS
_cARTS
_bhin
041 _2hin
_ahin
082 _aO152,1N345x, M7
100 _aशर्मा, केदार
_9156290
245 0 _aयुग दर्पण
_b कविता संग्रह
246 _aYug darpaṇa: kavitā sangraha
260 _aनई दिल्ली
_b अनिल प्रकाशन
_c1987
300 _a106 पृ.
_ccm.
650 _aहिन्दी साहित्य
_9156264
942 _hO152,1N345x, M7
_cTEXL
_2CC
999 _c335087
_d335087